000 00485cam a2200193ua 4500
001 2837
005 20260515113600.0
008 110912n ii |||gr||||Z||||||asm
040 _cMAIN
082 _a491.451
100 1 _aGoswami, Upendranath,
_eAuthor.
245 1 1 _aBhasha aru sahitya
_cby Upendranath Goswami
250 _a2nd.
260 _aGuahati:
_bNew book stall,966.
300 _a209p:
_c23cm.
653 _aAssamese language
653 _aBhasha aru sahitya
942 _cBK
999 _c2684
_d2684